Catalog

Record Details

Catalog Search



Available copies

  • 2 of 2 copies available at LARL/NWRL Consortium.
  • 2 of 2 copies available at Lake Agassiz Regional Library. (Show preferred library)

Current holds

1 current hold with 2 total copies.

Show Only Available Copies
Location Call Number / Copy Notes Barcode Shelving Location Status Due Date
Fosston Public Library CD TALKING BOOK C HUN (Text) 33500014293021 Main Available -
McIntosh Public Library CD TALKING BOOK C HUN (Text) 33500014293039 Main Available -

Record details

  • ISBN: 9798897565511
  • ISBN: 9798228702158
  • Physical Description: 9 audio discs (11 1/2 hr.) : CD audio, digital ; 4 ... Read More
  • Edition: Unabridged.
  • Publisher: [Prince Frederick, Maryland] : Recorded Books, Inc., [2025]

Content descriptions

General Note:
Compact discs.
Participant or Performer Note:
Narrated by Leah Horowitz.
Summary, etc.:
Ishcah faces the daunting prospect of marrying ... Read More
Subject: Sarah (Biblical matriarch) > Fiction.
Arranged marriage > Fiction.
FICTION / Christian / Romance / Historical.
Genre: Christian fiction.
Love stories.
Audiobooks.
Bible fiction.
Christian fiction.
Romance fiction.
LDR 02630nim a22005537i 4500
001473675
003LARL_NWRL_CONSORTIUM
00520251022203911.0
008251016s2025 mdunnnne f n eng d
007sd fsngnnmmned
040 . ‡aBLACP ‡beng ‡erda ‡cBLACP ‡dOCLCO
020 . ‡a9798897565511 ‡q(sound recording ; ‡qBlackstone Library CD)
020 . ‡a9798228702158 ‡q(sound recording ; ‡qBlackstone Retail CD)
035 . ‡a(OCoLC)1545538657
037 . ‡aZPotus ‡bBlackstone Publishing
037 . ‡aZEotus ‡bBlackstone Publishing
08204. ‡a813/.54 ‡223
1001 . ‡aHunt, Angela Elwell, ‡d1957- ‡eauthor. ‡1https://id.oclc.org/worldcat/entity/E39PBJw8WRJvpt8PFwgqPWxVYP ‡0(LARL_NWRL_CONSORTIUM)92772
24510. ‡aRescued heart : ‡bthe story of Sarah / ‡cAngela Hunt.
24630. ‡aStory of Sarah
250 . ‡aUnabridged.
264 1. ‡a[Prince Frederick, Maryland] : ‡bRecorded Books, Inc., ‡c[2025]
300 . ‡a9 audio discs (11 1/2 hr.) : ‡bCD audio, digital ; ‡c4 3/4 in.
336 . ‡aspoken word ‡bspw ‡2rdacontent
337 . ‡aaudio ‡bs ‡2rdamedia
338 . ‡aaudio disc ‡bsd ‡2rdacarrier
344 . ‡adigital ‡2rdatr
344 . ‡boptical ‡2rdarm
347 . ‡aaudio file ‡2rdaft
347 . ‡bCD audio
4900 . ‡aMatriarchs ; ‡v1
500 . ‡aCompact discs.
5110 . ‡aNarrated by Leah Horowitz.
520 . ‡aIshcah faces the daunting prospect of marrying Abram, a man she has never met and who renames her Sarai on their wedding day. Their union, arranged since childhood, tests her as she grapples with uncertainty about her future and Abram's character, including his devotion to an unseen God. When Abram reveals that Adonai has directed him to leave the family, Sarai chooses to trust him and follow his God. As the years pass without conceiving a child, Sarai wrestles with doubt and faith within her marriage. It will take nothing short of a miracle to prove Adonai's faithfulness to His promise.
60000. ‡aSarah ‡c(Biblical matriarch) ‡vFiction.
650 0. ‡aArranged marriage ‡vFiction. ‡0(LARL_NWRL_CONSORTIUM)163419
650 7. ‡aFICTION / Christian / Romance / Historical. ‡2bisacsh
655 7. ‡aChristian fiction. ‡2gsafd
655 7. ‡aLove stories. ‡2gsafd
655 7. ‡aAudiobooks. ‡2lcgft ‡0(LARL_NWRL_CONSORTIUM)175801
655 7. ‡aBible fiction. ‡2lcgft
655 7. ‡aChristian fiction. ‡2lcgft
655 7. ‡aRomance fiction. ‡2lcgft
7001 . ‡aHorowitz, Leah ‡q(Leah Lyle), ‡enarrator. ‡1https://id.oclc.org/worldcat/entity/E39PCjDRKgKqTT4Kp7GrwGyyBP
901 . ‡a473675 ‡bAUTOGEN ‡c473675 ‡tbiblio

Additional Resources